An introduction to numerical analysis / (Record no. 179180)
[ view plain ]
| 000 -LEADER | |
|---|---|
| fixed length control field | 00931 a2200205 4500 |
| 003 - CONTROL NUMBER IDENTIFIER | |
| control field | Nust |
| 005 - DATE AND TIME OF LATEST TRANSACTION | |
| control field | 20221128132306.0 |
| 010 ## - LIBRARY OF CONGRESS CONTROL NUMBER | |
| LC control number | 78006706 |
| 020 ## - INTERNATIONAL STANDARD BOOK NUMBER | |
| International Standard Book Number | 0471029859 |
| 040 ## - CATALOGING SOURCE | |
| Transcribing agency | Nust |
| 082 00 - DEWEY DECIMAL CLASSIFICATION NUMBER | |
| Classification number | 519.4, ATK |
| 100 1# - MAIN ENTRY--PERSONAL NAME | |
| Personal name | Atkinson, Kendall E. |
| 9 (RLIN) | 67288 |
| 245 13 - TITLE STATEMENT | |
| Title | An introduction to numerical analysis / |
| Statement of responsibility, etc. | Kendall E. Atkinson. |
| 250 ## - EDITION STATEMENT | |
| Edition statement | 2nd ed |
| 260 ## - PUBLICATION, DISTRIBUTION, ETC. | |
| Place of publication, distribution, etc. | New York : |
| Name of publisher, distributor, etc. | Wiley, |
| Date of publication, distribution, etc. | c1978. |
| 300 ## - PHYSICAL DESCRIPTION | |
| Extent | xiii, 587 p. : |
| Other physical details | ill. ; |
| Dimensions | 24 cm. |
| 505 ## - FORMATTED CONTENTS NOTE | |
| Formatted contents note | 1.Error; Its Sources, Propagation and Analysis (Page-3), Root finding for Nonlinear Equations (Page-53), Interpolation Theory (Page-131), Approximation of Functions (Page-197), Numerical Integration (Page-249), Numerical Methods for Ordinary Differential Equations (Page-333), Linear Algebra (Page-463), Numerical Solution of Systems of Linear Equations (Page-507), The Matrix Eigenvalue Problem (Page-587). |
| 650 #0 - SUBJECT ADDED ENTRY--TOPICAL TERM | |
| Topical term or geographic name entry element | Numerical analysis. |
| 9 (RLIN) | 103 |
| 942 ## - ADDED ENTRY ELEMENTS (KOHA) | |
| Source of classification or shelving scheme | |
| Koha item type | Book |
| Withdrawn status | Lost status | Source of classification or shelving scheme | Damaged status | Not for loan | Permanent Location | Current Location | Shelving location | Date acquired | Full call number | Barcode | Date last seen | Price effective from | Koha item type | Public note |
|---|---|---|---|---|---|---|---|---|---|---|---|---|---|---|
| Military College of Signals (MCS) | Military College of Signals (MCS) | General Stacks | 12/12/2016 | 519.4, ATK | MCS32559 | 12/08/2016 | 12/12/2016 | Book | Almirah No.14, Shelf No.3 | |||||
| Military College of Signals (MCS) | Military College of Signals (MCS) | General Stacks | 12/12/2016 | 519.4, ATK | MCS7110 | 12/08/2016 | 12/12/2016 | Book | Almirah No.14, Shelf No.3 |
